[Event "Kazan BRICS Games Blitz Team"]
[Site "Kazan"]
[Date "2024.06.21"]
[Round "5.14"]
[White "Shavlohov, Georgiy"]
[Black "Aristigueta Almeida, Alexis Antonio"]
[Result "1/2-1/2"]
[WhiteElo "1928"]
[BlackElo "2156"]
[PlyCount "21"]
[EventDate "2024.06.21"]
[EventType "team-swiss (blitz)"]
[EventRounds "11"]
[EventCountry "RUS"]
[SourceTitle "CBM 220 Extra"]
[Source "ChessBase"]
[SourceDate "2024.07.31"]
[SourceVersion "1"]
[SourceVersionDate "2024.07.31"]
[SourceQuality "1"]
[WhiteTeam "South Ossetia"]
[BlackTeam "Venezuela"]
[WhiteTeamCountry "RUS"]
[BlackTeamCountry "VEN"]

1. d4 Nf6 2. c4 d5 3. cxd5 Nxd5 4. e4 Nf6 5. Nc3 e6 6. Nf3 Be7 7. Bd3 c5 8. dxc5 Bxc5 9. 0-0 Nc6 10. Bg5 Be7 11. Re1 1/2-1/2

[Event "Kazan BRICS Games Blitz Team"]
[Site "Kazan"]
[Date "2024.06.21"]
[Round "8.14"]
[White "Shavlohov, Georgiy"]
[Black "Imanaliev, Taalaibek"]
[Result "0-1"]
[WhiteElo "1928"]
[BlackElo "2164"]
[PlyCount "69"]
[EventDate "2024.06.21"]
[EventType "team-swiss (blitz)"]
[EventRounds "11"]
[EventCountry "RUS"]
[SourceTitle "CBM 220 Extra"]
[Source "ChessBase"]
[SourceDate "2024.07.31"]
[SourceVersion "1"]
[SourceVersionDate "2024.07.31"]
[SourceQuality "1"]
[WhiteTeam "South Ossetia"]
[BlackTeam "Kyrgyzstan"]
[WhiteTeamCountry "RUS"]
[BlackTeamCountry "KGZ"]

1. d4 g6 2. c4 Bg7 3. Nc3 d6 4. e4 Nc6 5. Be3 e5 6. d5 Nd4 7. Nge2 Nxe2 8. Bxe2 Nf6 9. f3 0-0 10. Qd2 Nd7 11. g4 a5 12. h4 Nc5 13. h5 f5 14. hxg6 hxg6 15. Bh6 Qf6 16. gxf5 gxf5 17. Bxg7 Qxg7 18. 0-0-0 Rf6 19. Kb1 Bd7 20. Qe1 Kf7 21. Qh4 Rg8 22. Kc2 Rg6 23. Qh5 Ke7 24. Bf1 fxe4 25. fxe4 Rg3 26. Be2 Kd8 27. Rdf1 Be8 28. Qh4+ Kc8 29. Rh3 Rxh3 30. Qxh3+ Kb8 31. Qf5 Bg6 32. Qf6 Qh7 33. Qf2 Bxe4+ 34. Nxe4 Qxe4+ 35. Kc1 0-1

[Event "Kazan BRICS Games Blitz Team"]
[Site "Kazan"]
[Date "2024.06.21"]
[Round "6.6"]
[White "Shiferaw, Yalemzewde Mekonnen"]
[Black "Shavlohov, Georgiy"]
[Result "1-0"]
[WhiteElo "2025"]
[BlackElo "1928"]
[PlyCount "65"]
[EventDate "2024.06.21"]
[EventType "team-swiss (blitz)"]
[EventRounds "11"]
[EventCountry "RUS"]
[SourceTitle "CBM 220 Extra"]
[Source "ChessBase"]
[SourceDate "2024.07.31"]
[SourceVersion "1"]
[SourceVersionDate "2024.07.31"]
[SourceQuality "1"]
[WhiteTeam "Ethiopia"]
[BlackTeam "South Ossetia"]
[WhiteTeamCountry "ETH"]
[BlackTeamCountry "RUS"]

1. c4 f5 2. Nc3 Nf6 3. d4 e6 4. Bg5 Be7 5. Bxf6 Bxf6 6. e4 fxe4 7. Nxe4 Nc6 8. Nf3 0-0 9. Be2 b6 10. 0-0 Bb7 11. Nxf6+ Qxf6 12. b3 a5 13. d5 Ne5 14. Nxe5 Qxe5 15. dxe6 Qxe6 16. Bg4 Qg6 17. Qxd7 Bc8 18. Qd5+ Kh8 19. Qxa8 Qxg4 20. Rae1 h6 21. Qe4 Qd7 22. Re3 c5 23. Rg3 Bb7 24. Qg4 Qe7 25. h4 Bc8 26. Qg6 Bf5 27. Qxb6 Qxh4 28. Qxc5 Qf6 29. Rf3 g6 30. g4 Qd8 31. gxf5 Qg5+ 32. Rg3 Qxf5 33. Qxf5 1-0

[Event "Kazan BRICS Games Blitz"]
[Site "Kazan"]
[Date "2024.06.19"]
[Round "1"]
[White "Abdisalimov, Abdimalik"]
[Black "Shavlohov, Georgiy"]
[Result "1-0"]
[WhiteElo "2504"]
[BlackElo "1928"]
[PlyCount "93"]
[EventDate "2024.06.19"]
[EventType "swiss (blitz)"]
[EventRounds "11"]
[EventCountry "RUS"]
[SourceTitle "CBM 220 Extra"]
[Source "ChessBase"]
[SourceDate "2024.07.31"]
[SourceVersion "1"]
[SourceVersionDate "2024.07.31"]
[SourceQuality "1"]

1. d4 Nf6 2. c4 e6 3. Nc3 Bb4 4. Qc2 Nc6 5. e3 d6 6. Bd2 0-0 7. Nge2 Qe7 8. a3 Bxc3 9. Nxc3 e5 10. d5 Nb8 11. Bd3 a5 12. 0-0 c6 13. e4 Na6 14. Be2 Bg4 15. f3 Bh5 16. Be3 Nd7 17. Rab1 Bg6 18. g4 h5 19. h3 Qh4 20. Kg2 cxd5 21. cxd5 Rac8 22. Qd2 Qe7 23. Nb5 Nac5 24. Nc3 a4 25. Bb5 Nb3 26. Qd1 Ndc5 27. Nxa4 Nxa4 28. Bxa4 Nc5 29. Bc2 Rc7 30. b4 Nd7 31. Bd3 Rfc8 32. Qd2 Nf6 33. Rfc1 hxg4 34. hxg4 Qd7 35. Rxc7 Rxc7 36. b5 Qc8 37. Kg3 Nd7 38. Rc1 Nc5 39. b6 Rd7 40. Bb5 Re7 41. Bxc5 dxc5 42. d6 Rd7 43. Bxd7 Qxd7 44. Rxc5 f6 45. Rc7 Qa4 46. d7 Bxe4 47. d8Q+ 1-0

[Event "Kazan BRICS Games Blitz"]
[Site "Kazan"]
[Date "2024.06.19"]
[Round "5"]
[White "Caetano, Ryan Wesley da Cost"]
[Black "Shavlohov, Georgiy"]
[Result "1-0"]
[WhiteElo "2174"]
[BlackElo "1928"]
[PlyCount "111"]
[EventDate "2024.06.19"]
[EventType "swiss (blitz)"]
[EventRounds "11"]
[EventCountry "RUS"]
[SourceTitle "CBM 220 Extra"]
[Source "ChessBase"]
[SourceDate "2024.07.31"]
[SourceVersion "1"]
[SourceVersionDate "2024.07.31"]
[SourceQuality "1"]

1. d4 Nf6 2. c4 e6 3. Nc3 Bb4 4. e3 0-0 5. Bd3 c5 6. Nf3 Bxc3+ 7. bxc3 d6 8. 0-0 Nc6 9. e4 e5 10. d5 Ne7 11. Ne1 Bg4 12. f3 Bh5 13. a4 Nd7 14. g4 Bg6 15. h4 h5 16. Ng2 b6 17. Rf2 Nf6 18. Bg5 Nh7 19. Bd2 Nf6 20. g5 Nd7 21. Ne3 f6 22. Nf5 fxg5 23. hxg5 Nxf5 24. exf5 Bxf5 25. Qc2 g6 26. Be4 Rf7 27. Be3 Qf8 28. a5 Qd8 29. Qa4 Qf8 30. Raf1 Qc8 31. Ra1 Qc7 32. Qc2 Nf8 33. Qb3 Qd8 34. Qa4 Qd7 35. axb6 Qb7 36. Rb1 a6 37. Qc6 Rd7 38. Bxf5 gxf5 39. Rh2 Rc8 40. Qa4 Rh7 41. Qc2 Qd7 42. Kf2 Rb8 43. Qa2 Qb7 44. Qc2 Qf7 45. f4 e4 46. Qa4 h4 47. Qxa6 Ng6 48. Kg1 h3 49. Kh1 Nh4 50. b7 Nf3 51. Rhb2 Kg7 52. Qxd6 Rhh8 53. Bxc5 Qh5 54. Bd4+ Kh7 55. Qe7+ Kg8 56. Qg7# 1-0

[Event "Kazan BRICS Games Blitz"]
[Site "Kazan"]
[Date "2024.06.19"]
[Round "3"]
[White "Shavlohov, Georgiy"]
[Black "Shiferaw, Yalemzewde Mekonnen"]
[Result "1-0"]
[WhiteElo "1928"]
[BlackElo "2025"]
[PlyCount "45"]
[EventDate "2024.06.19"]
[EventType "swiss (blitz)"]
[EventRounds "11"]
[EventCountry "RUS"]
[SourceTitle "CBM 220 Extra"]
[Source "ChessBase"]
[SourceDate "2024.07.31"]
[SourceVersion "1"]
[SourceVersionDate "2024.07.31"]
[SourceQuality "1"]

1. d4 Nf6 2. c4 e6 3. Nc3 c6 4. e4 d5 5. e5 Nfd7 6. Be3 Be7 7. Bd3 b6 8. Qg4 g6 9. h4 Ba6 10. b3 dxc4 11. bxc4 Nxe5 12. Qe2 Nxd3+ 13. Qxd3 Bxh4 14. Nf3 Bf6 15. Ne4 Bg7 16. Rd1 0-0 17. Nfg5 h6 18. Nf3 h5 19. Ng3 Nd7 20. Kf1 b5 21. Kg1 Nf6 22. Ne5 Qe8 23. Qd2 1-0